| 000 | 00738nam a2200241 i 4500 | ||
|---|---|---|---|
| 001 | 128513 | ||
| 003 | ES-MaACL | ||
| 005 | 20250809063519.0 | ||
| 007 | t| | ||
| 008 | 070516s1980 sp |||| | spa d | ||
| 020 | _a84-206-1785-7 | ||
| 080 | _a342.4(46)"1978"(04) | ||
| 100 | 1 |
_aTamames, Ramón, _d1933- _9237391 |
|
| 245 | 1 | 0 |
_aIntroducción a la Constitución española _b: (texto y comentarios) / _cRamón Tamames. |
| 260 |
_aMadrid : _bAlianza, _c[1980] |
||
| 300 |
_aXIII, 325 p. ; _c18 cm. |
||
| 490 | 1 |
_aEl libro de bolsillo ; _v785 |
|
| 610 | 1 | 4 |
_aEspaña. _tConstitución, 1978 _93657 |
| 830 | 0 | 3 |
_aEl libro de bolsillo _v785 _9177802 |
| 852 |
_aES-MaACL _jL-630 |
||
| 942 | _2udc | ||
| 999 |
_c128513 _d128513 |
||